Detalles MARC
| 000 -LEADER |
| fixed length control field |
01337nam a2200337 a 4500 |
| 001 - CONTROL NUMBER |
| control field |
000006859 |
| 003 - CONTROL NUMBER IDENTIFIER |
| control field |
DO-SdBNP |
| 005 - DATE AND TIME OF LATEST TRANSACTION |
| control field |
20161018085256.0 |
| 007 - PHYSICAL DESCRIPTION FIXED FIELD--GENERAL INFORMATION |
| fixed length control field |
000006859 |
| 008 - FIXED-LENGTH DATA ELEMENTS--GENERAL INFORMATION |
| fixed length control field |
090903s2008 dr ac 001 0bspa d |
| 020 ## - INTERNATIONAL STANDARD BOOK NUMBER |
| Canceled/invalid ISBN |
9993476420 |
| 040 ## - CATALOGING SOURCE |
| Original cataloging agency |
BPMSU |
| Language of cataloging |
spa |
| Transcribing agency |
BPMSU |
| 082 ## - DEWEY DECIMAL CLASSIFICATION NUMBER |
| Classification number |
923.57293 |
| Item number |
F363I, 2008 |
| 245 00 - TITLE STATEMENT |
| Title |
Ideario del coronel Fernández Domínguez 1934-1965 / |
| Statement of responsibility, etc. |
compilador Héctor Lachapelle Díaz ; prólogo Mariano Lebrón Saviñón. |
| 250 ## - EDITION STATEMENT |
| Edition statement |
4a ed. |
| 260 ## - PUBLICATION, DISTRIBUTION, ETC. (IMPRINT) |
| Place of publication, distribution, etc. |
Santo Domingo : |
| Name of publisher, distributor, etc. |
Búho, |
| Date of publication, distribution, etc. |
2008. |
| 300 ## - PHYSICAL DESCRIPTION |
| Extent |
194 p. : |
| Other physical details |
il., retrs. ; |
| Dimensions |
23 cm. |
| 490 1# - SERIES STATEMENT |
| Series statement |
Publicaciones de la Comisión Permanente de Efemérides Patrias 2004-2008 |
| Volume/sequential designation |
30 |
| 500 ## - GENERAL NOTE |
| General note |
Incluye índice onomástico |
| 504 ## - BIBLIOGRAPHY, ETC. NOTE |
| Bibliography, etc |
Incluye referencias bibliográficas y notas al pie de las páginas |
| 600 14 - SUBJECT ADDED ENTRY--PERSONAL NAME |
| Personal name |
FERNÁNDEZ DOMÍNGUEZ, RAFAEL TOMÁS, |
| Dates associated with a name |
1934-1965 |
| 650 #4 - SUBJECT ADDED ENTRY--TOPICAL TERM |
| Topical term or geographic name as entry element |
PENSAMIENTO POLÍTICO Y SOCIAL |
| 651 #4 - SUBJECT ADDED ENTRY--GEOGRAPHIC NAME |
| Geographic name |
REPÚBLICA DOMINICANA |
| General subdivision |
HISTORIA |
| Chronological subdivision |
ERA DE TRUJILLO 1930-1961 |
| 651 #4 - SUBJECT ADDED ENTRY--GEOGRAPHIC NAME |
| Geographic name |
REPÚBLICA DOMINICANA |
| General subdivision |
HISTORIA |
| Chronological subdivision |
REVOLUCIÓN, 1965 |
| 700 12 - ADDED ENTRY--PERSONAL NAME |
| Personal name |
Lachapelle Díaz, Héctor, |
| Relator term |
compilador |
| 700 12 - ADDED ENTRY--PERSONAL NAME |
| Personal name |
Lebrón Saviñón, Mariano, |
| Relator term |
prólogo |
| 830 #0 - SERIES ADDED ENTRY--UNIFORM TITLE |
| Uniform title |
Publicaciones de la Comisión Permanente de Efemérides Patrias 2004-2008 |
| Volume number/sequential designation |
30 |
| 910 ## - USER-OPTION DATA (OCLC) |
| User-option data |
|
| 942 ## - ADDED ENTRY ELEMENTS (KOHA) |
| Source of classification or shelving scheme |
Dewey Decimal Classification |
| Koha item type |
Libros |
| 956 ## - LOCAL ELECTRONIC LOCATION AND ACCESS (OCLC) |
| Host name |
VMATEO |
| Access number |
10 |
| Compression information |
20150825 |
| Logon |
BPMSU |
| Processor of request |
00151 |